| 000 | 00792nam a22002177a 4500 | ||
|---|---|---|---|
| 005 | 20100821135917.0 | ||
| 010 | _aENG-101201 | ||
| 020 |
_c125.00 _a9788183822046 |
||
| 035 | _aEN-84734 | ||
| 037 | _bDBAD/PUB | ||
| 082 | _a306.7 | ||
| 245 |
_aThe kamasutra of Mallinga Vatsyayana : _ctranslated by Sir Richard F.Burton [and] F.F. Arbuthnot |
||
| 260 |
_aNew Delhi _bLotus Press _c2009 |
||
| 270 |
_a4263/3, Ansari Road _bNew Delhi _e110002 |
||
| 300 |
_a248p. _c18cm (pbk) |
||
| 490 |
_aThe Hindu Classics _916755 |
||
| 700 |
_aBurton, Richard F. _915942 |
||
| 700 |
_aArbuthnot, F.F. _915943 |
||
| 942 |
_2ddc _cEN _h306.7 _mKAM |
||
| 999 |
_c42891 _d42891 |
||